MARC

LEADER 00000nam0a2200000 4500
001 263907
005 20231101233801.0
010 |a 9201551886 
035 |a (RuTPU)RU\TPU\book\286898 
090 |a 263907 
100 |a 20140614d1988 k y0engy50 ba 
101 0 |a eng 
102 |a AT 
105 |a a z 000zy 
200 1 |a Developing Industrial Infrastructures to Support A Programme of Nuclear power  |e A guidebook 
210 |a Vienna  |c Inretnational Atomic Energy Agency  |d 1988 
215 |a 170 p.  |c il. 
225 1 |a Technical Reports Series  |v №281 
606 1 |a Ядерная энергетика  |2 stltpush  |3 (RuTPU)RU\TPU\subj\21570  |9 46534 
610 1 |a ядерная энергия 
610 1 |a атомная энергия 
610 1 |a атомная энергетика 
610 1 |a предприятия 
610 1 |a производственная инфраструктура 
610 1 |a программа 
610 1 |a разработка 
610 1 |a путеводители 
610 1 |a английский язык 
675 |a 621.039  |v 3 
801 1 |a RU  |b 63413507  |c 20140614 
801 2 |a RU  |b 63413507  |c 20150202  |g RCR 
942 |c BK